Oscar for Cinematography Winners by Picture - Statistics

General Stats
  • This quiz has been taken 142 times
    36 since last reset
  • The average score is 31 of 128
Answer Stats
Picture Hint Answer % Correct
2023 Oppenheimer
96%
2021 Dune
93%
2016 La La Land
93%
2009 Avatar
85%
2019 1917
81%
1997 Titanic
81%
2001 The Lord of the Rings: The Fellowship of the Ring
74%
2015 The Revenant
74%
2025 Sinners
67%
2014 Birdman
63%
2012 Life of Pi
63%
1993 Schindler's List
59%
2008 Slumdog Millionaire
59%
1999 American Beauty
56%
2017 Blade Runner 2049
56%
2010 Inception
56%
2013 Gravity
52%
1979 Apocalypse Now
48%
1959 Ben-Hur
48%
1982 Gandhi
48%
2011 Hugo
48%
2006 Pan's Labyrinth
48%
2007 There Will Be Blood
48%
2022 All Quiet on the Western Front
44%
1998 Saving Private Ryan
44%
1987 The Last Emperor
44%
1995 Braveheart
41%
1963 Cleopatra
41%
1934 Cleopatra
41%
2018 Roma
41%
2004 The Aviator
41%
1961 West Side Story
41%
1962 Lawrence of Arabia
37%
2003 Master and Commander: The Far Side of the World
37%
1960 Spartacus
37%
1948 Joan of Arc
33%
2024 The Brutalist
33%
1996 The English Patient
33%
1975 Barry Lyndon
30%
1990 Dances With Wolves
30%
1968 Romeo and Juliet
30%
1956 Around the World in 80 Days
26%
1989 Glory
26%
1939 Gone With the Wind
26%
2005 Memoirs of a Geisha
26%
1957 The Bridge on the River Kwai
26%
1967 Bonnie and Clyde
22%
1977 Close Encounters of the Third Kind
22%
2000 Crouching Tiger, Hidden Dragon
22%
2020 Mank
22%
1988 Mississippi Burning
22%
1964 My Fair Lady
22%
1954 On the Waterfront
22%
1943 The Phantom of the Opera
22%
1950 The Third Man
22%
1992 A River Runs Through It
19%
1978 Days of Heaven
19%
1971 Fiddler on the Roof
19%
1985 Out of Africa
19%
1961 The Hustler
19%
1974 The Towering Inferno
19%
1951 An American in Paris
15%
1972 Cabaret
15%
1958 Gigi
15%
1981 Reds
15%
2002 Road to Perdition
15%
1966 Who's Afraid of Virginia Woolf?
15%
1966 A Man for All Seasons
11%
1947 Black Narcissus
11%
1969 Butch Cassidy and the Sundance Kid
11%
1965 Doctor Zhivago
11%
1983 Fanny and Alexander
11%
1953 From Here to Eternity
11%
1963 Hud
11%
1980 Tess
11%
1984 The Killing Fields
11%
1945 The Picture of Dorian Gray
11%
1935 A Midsummer Night's Dream
7%
1951 A Place in the Sun
7%
1973 Cries and Whispers
7%
1941 How Green Was My Valley
7%
1991 JFK
7%
1944 Laura
7%
1945 Leave Her to Heaven
7%
1940 Rebecca
7%
1970 Ryan's Daughter
7%
1953 Shane
7%
1932 Shanghai Express
7%
1928 Sunrise: A Song of Two Humans
7%
1942 The Black Swan
7%
1959 The Diary of Anne Frank
7%
1962 The Longest Day
7%
1986 The Mission
7%
1952 The Quiet Man
7%
1955 The Rose Tattoo
7%
1943 The Song of Bernadette
7%
1940 The Thief of Bagdad
7%
1946 The Yearling
7%
1944 Wilson
7%
1964 Zorba the Greek
7%
1946 Anna and the King of Siam
4%
1937 A Star is Born
4%
1949 Battleground
4%
1976 Bound for Glory
4%
1947 Great Expectations
4%
1950 King Solomon's Mines
4%
1994 Legends of the Fall
4%
1942 Mrs. Miniver
4%
1965 Ship of Fools
4%
1956 Somebody Up There Likes Me
4%
1960 Sons and Lovers
4%
1931 Tabu: A Story of the South Seas
4%
1952 The Bad and the Beautiful
4%
1958 The Defiant Ones
4%
1937 The Good Earth
4%
1948 The Naked City
4%
1954 Three Coins in the Fountain
4%
1955 To Catch a Thief
4%
1939 Wuthering Heights
4%
1933 A Farewell to Arms
0%
1936 Anthony Adverse
0%
1941 Blood and Sand
0%
1949 She Wore a Yellow Ribbon
0%
1938 Sweethearts
0%
1936 The Garden of Allah
0%
1938 The Great Waltz
0%
1929 White Shadows in the South Seas
0%
1930 With Byrd at the South Pole
0%
No matching quizzes found
Score Distribution
Percent of People with Each Score
Percentile by Number Answered
Your Score History
You have not taken this quiz since the last reset